| 000 | 01131nam a22002777a 4500 | ||
|---|---|---|---|
| 999 |
_c111956 _d111956 |
||
| 003 | dpl | ||
| 005 | 20190213154301.0 | ||
| 008 | 190213b ||||| |||| 00| 0 eng d | ||
| 010 | _aA-700533, A-700535 | ||
| 020 | _c50.00 | ||
| 035 | _aA-700533, 700535 | ||
| 037 | _bCen Lib/Ret | ||
| 040 |
_aDPL _bHN _c0 |
||
| 082 |
_a821 _bमानव |
||
| 100 |
_aसिंह,मानबहादुर _945222 |
||
| 245 |
_aमाँ जानती है / _cमानवहादुर सिंह _bकाव्य गाथा |
||
| 246 |
_amaa janti hai :kavya gatha _bby Manbahadur singh |
||
| 260 |
_aइलाहाबाद _bअनामिका प्रकाशन _c1993 |
||
| 270 |
_a185,नया बैरहना _bइलाहाबाद _e211003 |
||
| 300 |
_a142पृष्ठ. _c16सेमी (सजिल्द ) |
||
| 650 |
_aहिंदी साहित्य _945223 |
||
| 650 |
_aहिंदी काव्य रचना _943622 |
||
| 650 |
_aHindi literature _945224 |
||
| 650 |
_aHindi poetry composition _945225 |
||
| 942 |
_2ddc _cHN _h821 _mमानव |
||